00713 a2200193 4500020001800000040001700018082001100035100002400046245009200070250001100162260004500173300003600218650002500254650002800279700002600307942002400333999001500357952014700372 a0-07-113133-7 aDLCbEnglish0 a150.721 aBordens, Kenneth S.00aResearch design and methods :a process approachcKenneth S. Bordens and Bruce B. Abbott a5th ed aNew York ;aLondon :bMcGraw-Hill,c2001 axv, 490, [49] s.:bdiagr., tab. 7aPsychologyxResearch 7aPsychologyxMethodology1 aAbbott, Bruce B.4aut cBKk150.72 BOR2ddc c6839d6839 001040708NFICaCLbCLcGENd2003-03-31eAllied Book Companyg1361.31l1m1o150.72 BORpSEECS003317r2023-01-31s2021-10-26w2017-01-05yBK